Famous british and american songs and their cultural background

Guardat en:
Dades bibliogràfiques
Autors principals: Papa, Mario (Autor), Iantorno, Giuliano (Autor)
Format: Llibre
Idioma:anglès
Publicat: Londres Longman 1979
Matèries:
Etiquetes: Afegir etiqueta
Sense etiquetes, Sigues el primer a etiquetar aquest registre!

MARC

LEADER 00000nam a2200000 a 4500
001 UCQ3627
003 CL-VaPUC
008 980821e19790000UK |||||||||||||||||eng|d
082 0 4 |a 728.42  |b PAP  |2 21 
100 0 |a Papa, Mario  |e author  |9 417870 
700 0 |a Iantorno, Giuliano  |e author  |9 417871 
245 1 0 |a Famous british and american songs and their cultural background 
300 |a 73 p 
942 |c BK 
945 |d 19980821 00:00:00  |a crobeson 
260 |a Londres  |b Longman  |c 1979 
650 0 |a Canciones inglesas  |9 417872 
650 7 |a CANCIONES ESTADOUNIDENSES  |2 CL-VaPUC  |9 417873 
650 0 |a Partituras  |9 324008 
650 0 |a Historia y crítica   |9 257407 
583 |a last modification  |c 19980821 00:00:00  |k Rodrigo Vera 
999 |c 274147  |d 274145 
952 |0 0  |1 0  |4 0  |6 728_420000000000000_PAP_1979  |7 0  |8 A  |9 310232  |a BIBEDU  |b BIBEDU  |d 2019-11-20  |i 1456318  |o 728.42 PAP 1979  |p 1456318  |r 2019-11-20  |w 2019-11-20  |y BK  |k LIT 
952 |0 0  |1 0  |4 0  |6 728_420000000000000_PAP_1979  |7 0  |8 A  |9 310233  |a BIBEDU  |b BIBEDU  |d 2019-11-20  |i 1456326  |o 728.42 PAP 1979  |p 1456326  |r 2019-11-20  |w 2019-11-20  |y BK  |k LIT